| 000 | 00608nam a2200181Ia 4500 | ||
|---|---|---|---|
| 003 | GCL | ||
| 008 | 140319s9999 xx 000 0 ara d | ||
| 040 |
_aGCL / _cGCL |
||
| 082 | 0 | 4 |
_a551.4 _bم ا |
| 100 | 1 | _aمحمد مجدى تراب | |
| 245 | 1 | 0 |
_aاشكال الصحارى المصورة : دراسة لاهم الظاهرات الجيومورنولوجية بالمناطق الجافة وشبة الجافة / _cمحمد مجدى تراب |
| 300 | _a306 ص | ||
| 490 | _a | ||
| 650 | 0 | 4 | _aالصحارى |
| 650 | 0 | 4 | _aالصحراوات |
| 650 | 0 | 4 | _aالصحارى - اشكال |
| 942 |
_2ddc _cBK |
||
| 999 |
_c47836 _d47836 |
||